Batman's helpers - Statistics

General Stats
  • This quiz has been taken 100 times
  • The average score is 9 of 12
Answer Stats
Hint Answer % Correct
Red Hood Jason Todd
98%
Nightwing Dick Grayson
96%
Red Robin Tim Drake
93%
Butler Alfred Pennyworth
90%
Current Robin Damian Wayne
88%
Oracle/Batgirl Barbara Gordon
87%
Gotham PD Commissioner Jim Gordon
85%
Catwoman Selina Kyle
82%
Black Bat/Orphan Cassandra Cain
65%
Spoiler Stephanie Brown
65%
Batwoman Kate Kane
60%
Doctor who faked Spoilers death Leslie Thomkins
22%
No matching quizzes found
Score Distribution
Percent of People with Each Score
Percentile by Number Answered
Your Score History
You have not taken this quiz